00510cam a2200169ua 45000010006000000050017000060080039000230200015000620400009000770820012000861000029000982450115001272600046002423000010002886530022002986530020003201169020260515114803.0191019n ii |||gr||||Z||||||eng a8121206863 cMAIN a320.954 aNiroj Sinha . ,eAuthor. aWomen in Indian Politics : bEmpowerment of women through political participation / cEdited by Niroj Sinha .  aNew Delhi:bGyan Publishing House,c2006. a302p. aPolitical science aIndian politics